Statistiche per Quiz sull’Italia

Clicka qui per fare il quiz!

Statistiche generali

  • Questo quiz è stato fatto 15.291 volte
    (15.290 dall'ultimo reset)
  • Il punteggio medio è 24 su 28

Statistiche sulle risposte

DomandaRisposta% Corretto
Il fiume più lungoPo
98%
Montagna più altaMonte Bianco
97%
Origine della pizzaNapoli
96%
Capoluogo della ToscanaFirenze
95%
Stati ConfinantiFrancia
95%
Capoluogo della modaMilano
95%
Vulcano più altoMonte Etna
95%
Vulcano che ha distrutto PompeiMonte Vesuvio
95%
Famosa per la Torre PendentePisa
95%
Isole Più GrandiSicilia
95%
Isole Più GrandiSardegna
94%
Stati ConfinantiSvizzera
94%
Stati ConfinantiAustria
93%
Valuta prima del 2002Lira
93%
Fondatori di RomaRomolo
92%
Fondatori di RomaRemo
91%
Pittore della cappella SistinaMichelangelo
88%
Famoso per i canaliVenezia
87%
Stati ConfinantiSlovenia
86%
Ospitò le Olimpiadi 2006Torino
82%
Stati ConfinantiCittà del Vaticano
81%
Stati ConfinantiSan Marino
81%
Padre dell'astronomiaGalileo Galilei
79%
Primo imperatore RomanoAugusto Cesare
78%
Massimo campionato di calcioSerie A
74%
L’ultimo uomo del RinascimentoLeonardo da Vinci
65%
Pioniere della radioGuglielmo Marconi
49%
Famoso liutaio morto nel 1737Antonio Stradivari
35%

Distribuzione punteggi

Percentile per numero di risposta

Percentuale di utenti per punteggio

I tuoi punteggi nel tempo

Non hai fatto questo quiz dall'ultimo reset